[Event "Pereira Risaraldense Cup-B"]
[Site "Pereira"]
[Date "2021.01.21"]
[Round "3"]
[White "Guadalajara Sifuentes, Jose Gregorio"]
[Black "Hernandez, Oscar Enrique"]
[Result "0-1"]
[WhiteElo "2028"]
[BlackElo "2052"]
[PlyCount "104"]
[EventDate "2021.01.20"]
[EventType "tourn"]
[EventRounds "5"]
[EventCountry "COL"]
[SourceTitle "CBM 200 Extra"]
[Source "ChessBase"]
[SourceDate "2021.03.31"]
[SourceVersion "1"]
[SourceVersionDate "2021.03.31"]
[SourceQuality "1"]

1. e4 c5 2. Nf3 Nc6 3. d3 g6 4. g3 Bg7 5. Bg2 e6 6. 0-0 Nge7 7. Re1 d6 8. Nbd2 0-0 9. Nf1 Rb8 10. c3 b5 11. d4 b4 12. Bf4 cxd4 13. cxd4 e5 14. dxe5 dxe5 15. Qxd8 Rxd8 16. Bg5 f6 17. Be3 Be6 18. N1d2 Nd4 19. Bxd4 exd4 20. Bf1 Rbc8 21. Bd3 Nc6 22. Ba6 Rb8 23. Nb3 Rb6 24. Bf1 Bh6 25. Red1 Bg4 26. Kg2 Bxf3+ 27. Kxf3 Ne5+ 28. Kg2 Rbd6 29. f4 Ng4 30. Rd3 g5 31. h3 Ne3+ 32. Kf3 Nc4 33. Rb1 a5 34. Nc5 Rc6 35. Nb3 a4 36. Rxd4 Rxd4 37. Nxd4 Rc8 38. Bxc4+ Rxc4 39. Nf5 Bf8 40. Ne3 Rc6 41. Rd1 a3 42. Rd2 Rc1 43. Nd5 b3 44. bxa3 Rc2 45. Rd3 bxa2 46. Rd1 Bxa3 47. Ra1 Bc5 48. Nxf6+ Kg7 49. fxg5 Bd4 50. Nh5+ Kf7 51. Rf1 Rf2+ 52. Rxf2 Bxf2 0-1